000
00320 a2200109 4500
001
ART_18841
005
20260410161703.0
008
260409a
245
1
0
_a
La factura electrónica llegó al monotributo
100
1
_a
Ferraro, Ricardo H.
773
0
_t
Revista Impuestos
_g
- Nº 5 (may. 2011)
_w
REV639
999
_c
15381
_d
15381